Focus sur: Frór - Tolkien - Statistiques

Statistiques générales
  • Ce quiz a été pris 9 fois
  • Le résultat moyen est 7 sur 9
Statistiques - réponses
Informations recherchées Réponses % Correct
Royaume Erebor
100%
Première mention Le Hobbit
100%
Espèce Nain
100%
Age durant lequel il vécut Troisième
100%
Père Dáin Ier
88%
Maison (lignée) Durin
88%
Frères Thrór
63%
Grór
50%
Acteur l'interprétant dans les films Brett Beattie
0%
Aucun quiz correspondant
Distribution des résultats
% des personnes avec chaque résultat
Percentile par nombre de réponses
Votre historique - résultats
Vous n’avez pas pris ce quiz